000 00512nam a2200193Ia 4500
003 OSt
005 20251222103541.0
008 220923b |||||||| |||| 00| 0 ben d
037 _cTB
040 _aARTS
_cARTS
_bben
041 _2ben
_aben
084 _aO157,3N041,43 K2
_qAL
100 _aSengupta A. K.
_9209681
245 0 _aPratham prem
260 _c1962
650 _aBENGALI LITERATURE
_9858308
942 _hO157,3N041,43, K2
_cTB
_2CC
_n0
999 _c444957
_d444957